000 00665nam a2200217Ii 4500
003 JO-AjNU
008 230605s9999||||xx |||||||||||||| ||und||
017 _a77/2678
040 _aJO-AjNU
_bara
_erda
_cJO-AjNU
041 _aara
050 1 4 _aBF724.3.S4.B3 1977
100 3 _aبدوي، نجيب يوسف,
_eauthor
_96949
245 0 0 _aالإحتلام
264 3 1 _aالقاهرة: مكتبة مصر، 1977
300 _a109ص
336 _atext
_btxt
_2rdacontent
337 _aunmediated
_bn
_2rdamedia
338 _avolume
_bnc
_2rdacarrier
490 0 _aالثقافة السيكولوجية
650 4 _aبلوغ الحلم- السلوك الجنسي
_96950
999 _aA32
_c3600
_d3600